01622nam a2200313Ia 450000100060000000300090000600800410001504000130005604000130006904100130008210000260009510000290012124500390015024500390018925000110022826000140023926000100025326000490026330000570031250005890036965000260095865000310098494200070101595700060102299900170102899900070104599900060105295202500105886616IT-RoPAU130308s9999 xx 000 0 und d aIT-RoPAU cIT-RoPAU aSPAGNOLO aSecanella Petra Maria gCodice Aut. SPICS: 30850 aPeriodismo politico en Mexico (El) bPeriodismo Politico En Mexico (El) a1a ed. aBARCELONA bMitre c1983 [1° Ed.:1983 - Ed.Ling.Originale:1983] a"202 p. (prefazione: no ; testo: 202 [pagine: 0-0])" aGiornalismo Politico in Messico mezzi di Comunicazione nella riforma Politica Difficoltà della Stampa nuove pubblicazioni e mezzi Elettronici Salvador novo e la Tradizione Letteraria del Giornalismo Politico Jose' Luis Mejias manuel Bendia Miguel Angel Granados Chapa Francisco Cardenas Carlos Monsivais Elena Poniatowska Difficile Rapporto tra Stampa e Potere Informazione e Potere Denuncia Sociale nella Stampa riforma Politica Come Centro di copertura Giornalistica rivoluzionari del Pri Candidati Ufficiali e Oppositoricampagna Elettorale dei tre Grandi Periodici della Capitale aGENERI DI GIORNALISMO eCodice materia Spics: 7060 cBK 71 c74744d74744 bSI g1 001040686616_00000000000000071aSPICSbSPICSd2013-03-08l0o86616r2013-03-08 00:00:00w2013-03-08yBKzProgressivo inserimento: 52761 / N. Volumi: 1 Copie: 1 Copia Rara: SI / data import: 1 marzo 2013 - By Epidotti, Trombetti, Vaglietti.